Miscellaneous 10 - Statistics

General Stats
  • This quiz has been taken 8 times
  • The average score is 6 of 20
Answer Stats
Hint Answer % Correct
What does MPG mean when referring to vehicles? Miles per gallon
71%
Which US state is most often considered the most expensive to live in? Hawaii
57%
Name any ghost from the Pac-Man franchise. Pinky / Inky / Blinky / Clyde
57%
The four voice types are Soprano, Alto, "_____", & Bass. Tenor
57%
What was the first movie to be fully CGI-animated? Toy Story
57%
Who was the original "Scarface" born in 1899? Al Capone
43%
Who was POTUS when Michael Jackson was born? Dwight Eisenhower / Eisenhower
43%
What is the national animal of the UK? Lion
29%
What is the Loki the god of in Norse mythology? Mischief / Stories
29%
Which Disney film includes the characters Terk, Kerchak, & Clayton? Tarzan
29%
What is Miss Pauling's (TF2) first name? Flo / Florence
14%
What does the Chicago gang "GD" stand for? Gangster Disciples
14%
Which solo artist has the most Billboard #1 songs of all time? Mariah Carey
14%
Name either owner of Courage the Cowardly Dog. Muriel / Eustace
14%
What does "§" mean? Section
14%
What is the highest grossing TV show of all time? The Simpsons / Simpsons
14%
Which game takes place on a planet called "Azeroth"? WOW / World of Warcraft
14%
Paper-thin slices of raw beef served as a dish is called... Carpaccio
0%
What is the stage name of Sergio Giavanni Kitchens? (4 Grammy nominations) Gunna
0%
What is the Islamic word for "heaven"? Jannah
0%
No matching quizzes found
Score Distribution
Percent of People with Each Score
Percentile by Number Answered
Your Score History
You have not taken this quiz